Explaining Corporate Credit Default Rates with Sector Level Detail
Panelový model a hodnotenie vplyvu ekonomických a finančných podmienok na mieru zlyhania spoločnosti. Stresové testovanie. Ekonomické výsledky v oblasti makroekonomických a finančných otrasov týkajúcich sa úverového rizika.
Uložené v:
| Hlavný autor: | |
|---|---|
| Ďalší autori: | , |
| Médium: | Kapitola |
| Jazyk: | English |
| Predmet: | |
| Tagy: |
Žiadne tagy, Buďte prvý, kto otaguje tento záznam!
|
MARC
| LEADER | 00000naa a2200000 4500 | ||
|---|---|---|---|
| 001 | 0267921 | ||
| 005 | 20200827092445.7 | ||
| 041 | 0 | |a eng | |
| 044 | |a CZ | ||
| 245 | 1 | 0 | |a Explaining Corporate Credit Default Rates with Sector Level Detail |c Ľubomíra Gertler, Kristína Jančovičová Bognárová, Ivan Majer |
| 520 | |a Panelový model a hodnotenie vplyvu ekonomických a finančných podmienok na mieru zlyhania spoločnosti. Stresové testovanie. Ekonomické výsledky v oblasti makroekonomických a finančných otrasov týkajúcich sa úverového rizika. | ||
| 610 | 2 | 0 | |a bankovníctvo |
| 610 | 2 | 0 | |a úver |
| 610 | 2 | 0 | |a testovanie stresové |
| 610 | 2 | 0 | |a riziko úverové |
| 100 | 1 | |a Gertler, Ľubomíra, 1977- | |
| 700 | 1 | |a Jančovičová Bognárová, Kristína, 1979- | |
| 700 | 1 | |a Majer, Ivan | |